书目信息 |
| 题名: |
判断力批判
|
|
| 作者: | 康德著 ;邓晓芒 译 | |
| 分册: | ||
| 出版信息: | 北京 人民出版社 2022.12 |
|
| 页数: | 314页 | |
| 开本: | 24cm | |
| 丛书名: | ||
| 单 册: | ||
| 中图分类: | B516.31 | |
| 科图分类: | ||
| 主题词: | 哲学--欧洲 | |
| 电子资源: | ||
| ISBN: | 978-7-01-016728-2 | |
| 000 | 00754nam0 2200229 450 | |
| 001 | 2439016874 | |
| 005 | 20240422105420.35 | |
| 010 | @a978-7-01-016728-2@dCNY45.00 | |
| 100 | @a20240422d2022 km y0chiy0120 ea | |
| 101 | 0 | @achi |
| 102 | @aCN@b110000 | |
| 200 | 1 | @a判断力批判@APan Duan Li Pi Pan@f(德) 康德著 ; 邓晓芒译@F(De)Kang De Zhu;Deng Xiao Mang Yi |
| 210 | @a北京@c人民出版社@d2022.12 | |
| 215 | @a314页@d24cm | |
| 300 | @a本书除了序言和一个完整的导言外, 分为"审美判断力批判 " 和"目的论判断力批判 " 两部分。 | |
| 510 | 1 | @a=Kritik der Urteilskraft |
| 606 | 0 | @a哲学@x欧洲 |
| 690 | @aB516.31@v4 | |
| 701 | 0 | @a康德著@AKang De Zhu |
| 702 | 0 | @a邓晓芒@ADeng Xiao Mang@4译 |
| 801 | 0 | @aCN@b河南城建学院图书馆@c20240422 |
| 905 | @dB516.31@eK2312 | |
| 判断力批判/(德) 康德著 ; 邓晓芒译.-北京:人民出版社,2022.12 |
| 314页;24cm |
| 本书除了序言和一个完整的导言外, 分为"审美判断力批判 " 和"目的论判断力批判 " 两部分。 |
| ISBN 978-7-01-016728-2:CNY45.00 |
| ● |
| 相关链接 |
|
|
|
正题名:判断力批判
索取号:B516.31/K2312
 
预约/预借
| 序号 | 登录号 | 条形码 | 馆藏地/架位号 | 状态 | 备注 |
| 1 | 1552632 | 215526321 | 马克思主义学院/ [索取号:B516.31/K2312] | 在馆 | |
| 2 | 1552633 | 215526330 | 马克思主义学院/ [索取号:B516.31/K2312] | 在馆 |